| 000 | 00709nam a22002057a 4500 | ||
|---|---|---|---|
| 999 |
_c8881 _d8881 |
||
| 003 | AR-CdUCM | ||
| 008 | 190326b ||||| |||| 00| 0 spa d | ||
| 040 |
_aMUNICIPALIDAD PROVINCIAL DEL CUSCO _cBIBLIOTECA MUNICIPAL DEL CUSCO |
||
| 082 |
_a869.26 / _bSI57 |
||
| 100 |
_aSiro, Elena _924693 |
||
| 245 |
_aEusebio Pastor y la nueva criatura : _bCuentos / |
||
| 260 |
_aSanta Fé : _bCastellvi, _c1971. |
||
| 300 |
_a99 páginas ; _c18 cm. |
||
| 505 | _aContenido: El caballo -- La escalera blanca -- Los gatos -- La canoa -- Yuya y el caballo que no escapaba -- El ajedrez. | ||
| 650 |
_aLiteratura Argentina _984 |
||
| 650 |
_aSiglo XX _98 |
||
| 650 |
_aCuentos _9217 |
||
| 942 |
_2ddc _cLIBROS |
||
| 945 | _aachl | ||